[Event "11. Hogeschool Zeeland Tournament"]
[Site "Vlissingen NED"]
[Date "2007.08.11"]
[Round "9.18"]
[White "Wee, Chu En Kelvin"]
[Black "Maenhout, Thibaut"]
[Result "0-1"]
[PlyCount "122"]
[EventDate "2007.08.04"]
[EventType "swiss"]
[EventRounds "9"]
[EventCountry "NED"]
[Source "lmi"]
[SourceDate "2007.08.04"]
[WhiteElo "1930"]
[BlackElo "2302"]

1. e4 c5 2. Nf3 d6 3. d4 cxd4 4. Nxd4 Nf6 5. Nc3 a6 6. Bc4 Nbd7 7. Bg5 Qa5 8.
Qd2 e6 9. O-O Be7 10. Bb3 h6 11. Bxf6 Nxf6 12. f4 Bd7 13. f5 e5 14. Nde2 Bc6
15. Rad1 Qb6+ 16. Kh1 Ng4 17. Ng3 O-O 18. Rf3 Bg5 19. Qe2 Rfd8 20. h3 Nf6 21.
Rfd3 Qc5 22. Nh5 Rac8 23. Nxf6+ Bxf6 24. Qh5 Rc7 25. h4 Qf2 26. g3 Bb5 27. Nxb5
axb5 28. Qf3 Qb6 29. R1d2 Kf8 30. Qh5 Rc4 31. c3 Qc6 32. Bxc4 Qxe4+ 33. Kh2
bxc4 34. Rd5 Be7 35. a3 Kg8 36. f6 Bxf6 37. Rxd6 Rxd6 38. Rxd6 Qe3 39. Kg2 e4
40. Rd7 g6 41. Qg4 Be5 42. Re7 Qd2+ 43. Kh3 Qe1 44. Kg2 Qd2+ 45. Kh3 Qe1 46.
Kg2 h5 47. Qc8+ Kg7 48. Rxe5 Qe2+ 49. Kh1 Qf3+ 50. Kh2 Qf2+ 51. Kh3 Qg1 52. g4
Qh1+ 53. Kg3 Qf3+ 54. Kh2 Qf2+ 55. Kh3 Qf3+ 56. Kh2 Qf4+ 57. Kh3 Qxe5 58. gxh5
Qf5+ 59. Qxf5 gxf5 60. Kg3 e3 61. Kf3 f4 0-1

[Event "11. Hogeschool Zeeland Tournament"]
[Site "Vlissingen NED"]
[Date "2007.08.11"]
[Round "9.19"]
[White "Lacrosse, Marc"]
[Black "Dhar-Barua, Saheli"]
[Result "1/2-1/2"]
[PlyCount "55"]
[EventDate "2007.08.04"]
[EventType "swiss"]
[EventRounds "9"]
[EventCountry "NED"]
[Source "lmi"]
[SourceDate "2007.08.04"]
[WhiteElo "2301"]
[BlackElo "2142"]

1. d4 f5 2. g3 Nf6 3. Bg2 g6 4. Nf3 Bg7 5. c4 d6 6. Nc3 c6 7. O-O O-O 8. d5 Qe8
9. Rb1 Na6 10. b4 Bd7 11. dxc6 bxc6 12. a3 Rb8 13. Bb2 c5 14. b5 Nc7 15. a4 Qf7
16. Qd3 h6 17. Rfd1 Be6 18. Nd2 Ng4 19. Nd5 Bxd5 20. Bxd5 e6 21. Bf3 Bxb2 22.
Rxb2 d5 23. Bxg4 fxg4 24. Qe3 d4 25. Qxh6 Qxf2+ 26. Kh1 Qxe2 27. Qxg6+ Kh8 28.
Qh6+ 1/2-1/2

[Event "11. Hogeschool Zeeland Tournament"]
[Site "Vlissingen NED"]
[Date "2007.08.11"]
[Round "9.20"]
[White "Van Dort, Lars"]
[Black "Pg, Mohd Omar Ak Hirawa"]
[Result "1/2-1/2"]
[PlyCount "35"]
[EventDate "2007.08.04"]
[EventType "swiss"]
[EventRounds "9"]
[EventCountry "NED"]
[Source "lmi"]
[SourceDate "2007.08.04"]
[WhiteElo "2109"]
[BlackElo "2344"]

1. e4 e5 2. Nf3 Nc6 3. Bb5 a6 4. Ba4 Nf6 5. O-O Nxe4 6. d4 b5 7. Bb3 d5 8. dxe5
Be6 9. Nbd2 Nc5 10. c3 Be7 11. Bc2 O-O 12. Re1 Bg4 13. h3 Bh5 14. Nf1 f6 15.
exf6 Bxf6 16. Ng3 Bf7 17. Be3 Nd7 18. Qd3 1/2-1/2

[Event "11. Hogeschool Zeeland Tournament"]
[Site "Vlissingen NED"]
[Date "2007.08.11"]
[Round "9.21"]
[White "Doggers, Peter"]
[Black "Rosmuller, Anton"]
[Result "1-0"]
[PlyCount "35"]
[EventDate "2007.08.04"]
[EventType "swiss"]
[EventRounds "9"]
[EventCountry "NED"]
[Source "lmi"]
[SourceDate "2007.08.04"]
[WhiteElo "2233"]
[BlackElo "2114"]

1. e4 c5 2. Nf3 d6 3. d4 cxd4 4. Nxd4 Nf6 5. Nc3 a6 6. Bg5 e6 7. f4 Nbd7 8. Qf3
Qc7 9. O-O-O Be7 10. Bd3 h6 11. Bh4 Rb8 12. Rhe1 g5 13. fxg5 hxg5 14. Bxg5 b5
15. Bxf6 Bxf6 16. Bxb5 Bg5+ 17. Kb1 Qb6 18. Rf1 1-0

[Event "11. Hogeschool Zeeland Tournament"]
[Site "Vlissingen NED"]
[Date "2007.08.11"]
[Round "9.22"]
[White "Colijn, Stefan"]
[Black "Steenbekkers, Franck"]
[Result "0-1"]
[PlyCount "104"]
[EventDate "2007.08.04"]
[EventType "swiss"]
[EventRounds "9"]
[EventCountry "NED"]
[Source "lmi"]
[SourceDate "2007.08.04"]
[WhiteElo "2075"]
[BlackElo "2228"]

1. e4 e6 2. d4 d5 3. Nc3 Bb4 4. e5 Ne7 5. Qg4 c5 6. a3 Bxc3+ 7. bxc3 O-O 8. Bd3
f5 9. exf6 Rxf6 10. Bg5 Rf7 11. Qh5 g6 12. Qd1 Nbc6 13. Nf3 Qf8 14. a4 Bd7 15.
O-O c4 16. Be2 h6 17. Bc1 Qg7 18. Qd2 Kh7 19. Ba3 g5 20. Bd6 Nf5 21. Be5 Qg6
22. g4 Nh4 23. Nxh4 gxh4 24. f4 Nxe5 25. fxe5 Raf8 26. a5 Qg5 27. Qxg5 hxg5 28.
Rxf7+ Rxf7 29. Rf1 Kg7 30. Rf2 Rxf2 31. Kxf2 Kf7 32. Ke1 Ke7 33. Kd2 Kd8 34.
Kc1 Kc7 35. Kb2 Kc6 36. Bd1 Kb5 37. Be2 Kxa5 38. Bd1 Ka4 39. Be2 Be8 40. Bd1
Bg6 41. Be2 b5 42. Bf3 a5 43. Bd1 Be4 44. Be2 b4 45. cxb4 axb4 46. c3 bxc3+ 47.
Kxc3 Ka3 48. Bd1 Bb1 49. Be2 Ba2 50. Bd1 Bb3 51. Bf3 Ka2 52. Kb4 Kb2 0-1

[Event "11. Hogeschool Zeeland Tournament"]
[Site "Vlissingen NED"]
[Date "2007.08.11"]
[Round "9.23"]
[White "Van Leent, Dmitri"]
[Black "Friesen, Boris"]
[Result "1/2-1/2"]
[PlyCount "45"]
[EventDate "2007.08.04"]
[EventType "swiss"]
[EventRounds "9"]
[EventCountry "NED"]
[Source "lmi"]
[SourceDate "2007.08.04"]
[WhiteElo "2222"]
[BlackElo "2139"]

1. c4 e6 2. g3 d5 3. Bg2 Nf6 4. Nf3 Be7 5. O-O O-O 6. Qc2 c5 7. d4 cxd4 8. Nxd4
Nc6 9. Nxc6 bxc6 10. Rd1 Qa5 11. Nc3 Bd7 12. b3 Rfc8 13. Bb2 Rab8 14. e4 Bc5
15. Na4 Be7 16. Qe2 Be8 17. Be5 Rb7 18. Rac1 dxe4 19. Bc3 Qf5 20. Ba1 c5 21.
Bxf6 Qxf6 22. Nc3 Bc6 23. Nxe4 1/2-1/2

[Event "11. Hogeschool Zeeland Tournament"]
[Site "Vlissingen NED"]
[Date "2007.08.11"]
[Round "9.25"]
[White "Kalisvaart, Peter"]
[Black "Dek, Lennart"]
[Result "1/2-1/2"]
[PlyCount "41"]
[EventDate "2007.08.04"]
[EventType "swiss"]
[EventRounds "9"]
[EventCountry "NED"]
[Source "lmi"]
[SourceDate "2007.08.04"]
[WhiteElo "2104"]
[BlackElo "2207"]

1. d4 d6 2. c4 e5 3. dxe5 dxe5 4. Qxd8+ Kxd8 5. Nc3 Be6 6. e4 Bc5 7. f4 Bd4 8.
Nb5 Nc6 9. Nf3 f6 10. Nfxd4 Nxd4 11. Nxd4 exd4 12. Bd2 c5 13. a4 a5 14. Bd3 Ne7
15. O-O Nc6 16. Rae1 Kd7 17. b3 Rae8 18. h3 Kc7 19. e5 f5 20. g4 Rhf8 21. g5
1/2-1/2

[Event "11. Hogeschool Zeeland Tournament"]
[Site "Vlissingen NED"]
[Date "2007.08.11"]
[Round "9.27"]
[White "Beuman, Thomas"]
[Black "Nijs, Nils"]
[Result "1/2-1/2"]
[PlyCount "37"]
[EventDate "2007.08.04"]
[EventType "swiss"]
[EventRounds "9"]
[EventCountry "NED"]
[Source "lmi"]
[SourceDate "2007.08.04"]
[WhiteElo "2185"]
[BlackElo "2065"]

1. e4 c5 2. Nc3 Nc6 3. g3 g6 4. Bg2 Bg7 5. d3 d6 6. Be3 e5 7. Qd2 Nge7 8. f4
Nd4 9. Nf3 O-O 10. O-O exf4 11. Bxf4 Nxf3+ 12. Rxf3 Qb6 13. Rb1 Be6 14. Be3 Nc6
15. Rff1 Rad8 16. a3 Nd4 17. Rf2 a6 18. Bh6 Nc6 19. Bxg7 1/2-1/2

[Event "11. Hogeschool Zeeland Tournament"]
[Site "Vlissingen NED"]
[Date "2007.08.11"]
[Round "9.28"]
[White "Hekhuis, Jeroen"]
[Black "De Wit, Gerard"]
[Result "1/2-1/2"]
[PlyCount "26"]
[EventDate "2007.08.04"]
[EventType "swiss"]
[EventRounds "9"]
[EventCountry "NED"]
[Source "lmi"]
[SourceDate "2007.08.04"]
[WhiteElo "2163"]
[BlackElo "2003"]

1. d4 Nf6 2. c4 g6 3. Nc3 d5 4. g3 Bg7 5. Bg2 c6 6. Nf3 O-O 7. O-O dxc4 8. Ne5
Be6 9. e4 Nbd7 10. f4 Nb6 11. Be3 Nfd7 12. a4 Nxe5 13. dxe5 Qxd1 1/2-1/2

[Event "11. Hogeschool Zeeland Tournament"]
[Site "Vlissingen NED"]
[Date "2007.08.11"]
[Round "9.31"]
[White "Weimann, Maximilian"]
[Black "Niesert, Loet"]
[Result "1-0"]
[PlyCount "43"]
[EventDate "2007.08.04"]
[EventType "swiss"]
[EventRounds "9"]
[EventCountry "NED"]
[Source "lmi"]
[SourceDate "2007.08.04"]
[WhiteElo "2143"]
[BlackElo "1895"]

1. e4 d5 2. exd5 Nf6 3. Nf3 Nxd5 4. d4 Bg4 5. h3 Bh5 6. g4 Bg6 7. Bg2 c6 8. Ne5
Nd7 9. Nxg6 hxg6 10. c4 N5b6 11. Qe2 Qc7 12. Nc3 e5 13. d5 Bc5 14. dxc6 bxc6
15. Be3 O-O 16. h4 Bd4 17. h5 gxh5 18. Rxh5 Nf6 19. Rh3 Rad8 20. g5 Ne8 21. Qh5
f6 22. g6 1-0

[Event "11. Hogeschool Zeeland Tournament"]
[Site "Vlissingen NED"]
[Date "2007.08.11"]
[Round "9.32"]
[White "Piceu, Tom"]
[Black "Hugaert, Arthur"]
[Result "1-0"]
[PlyCount "51"]
[EventDate "2007.08.04"]
[EventType "swiss"]
[EventRounds "9"]
[EventCountry "NED"]
[Source "lmi"]
[SourceDate "2007.08.04"]
[WhiteElo "2350"]
[BlackElo "2041"]

1. d4 d5 2. c4 c6 3. Nf3 Nf6 4. Nc3 e6 5. Bg5 Be7 6. e3 Nbd7 7. Bd3 O-O 8. Rc1
dxc4 9. Bxc4 b5 10. Bb3 h6 11. Bh4 a6 12. O-O c5 13. Qe2 Bb7 14. Rfd1 c4 15.
Bc2 Qb6 16. e4 Rfe8 17. e5 Nd5 18. Ne4 Bf8 19. h3 Qc6 20. Bb1 N7b6 21. Nh2 Kh8
22. Ng4 Nb4 23. Nxh6 gxh6 24. Bf6+ Bg7 25. Qh5 Kg8 26. Qg4 1-0

[Event "11. Hogeschool Zeeland Tournament"]
[Site "Vlissingen NED"]
[Date "2007.08.11"]
[Round "9.34"]
[White "Michiels, Rob"]
[Black "Reyniers, Pieter"]
[Result "1-0"]
[PlyCount "89"]
[EventDate "2007.08.04"]
[EventType "swiss"]
[EventRounds "9"]
[EventCountry "NED"]
[Source "lmi"]
[SourceDate "2007.08.04"]
[WhiteElo "2226"]
[BlackElo "2023"]

1. Nf3 f5 2. b3 Nf6 3. Bb2 g6 4. c4 Bg7 5. Nc3 d6 6. d4 O-O 7. Qc2 Nc6 8. d5
Nb4 9. Qc1 a5 10. e3 e5 11. dxe6 Bxe6 12. Be2 h6 13. Nd4 Bf7 14. O-O Qe7 15.
Rd1 c6 16. a3 Na6 17. Rb1 Ne4 18. Nxe4 fxe4 19. Qc3 Qe5 20. Qe1 Qg5 21. b4 axb4
22. axb4 Nc7 23. Nb3 Bxb2 24. Rxb2 d5 25. Na5 Qf6 26. Rc2 b6 27. Nb3 Ra3 28.
Rb1 Rfa8 29. cxd5 Bxd5 30. Nd4 Na6 31. Qc1 Nb8 32. Qf1 Qd6 33. Bc4 R3a4 34. Qe1
Bxc4 35. Rxc4 c5 36. bxc5 bxc5 37. Nb5 Qd3 38. Rxc5 Qd7 39. Qc1 Na6 40. Rc6 Kg7
41. Qc3+ Kh7 42. Rd6 Qb7 43. Rbd1 Nb8 44. Nc7 Qc8 45. Qf6 1-0

[Event "11. Hogeschool Zeeland Tournament"]
[Site "Vlissingen NED"]
[Date "2007.08.11"]
[Round "9.35"]
[White "Munnik, Talitha"]
[Black "Beeke, Bobby"]
[Result "0-1"]
[PlyCount "92"]
[EventDate "2007.08.04"]
[EventType "swiss"]
[EventRounds "9"]
[EventCountry "NED"]
[Source "lmi"]
[SourceDate "2007.08.04"]
[WhiteElo "2005"]
[BlackElo "2191"]

1. e4 c5 2. Nf3 d6 3. d4 cxd4 4. Nxd4 Nf6 5. Nc3 Nc6 6. Be3 Ng4 7. Bb5 Nxe3 8.
fxe3 Bd7 9. O-O Ne5 10. Nf3 Bxb5 11. Nxb5 f6 12. Nxe5 fxe5 13. Qd5 Qb6 14. Qb3
O-O-O 15. Rad1 Kb8 16. a4 a6 17. Nd4 Qxb3 18. Nxb3 g6 19. Rf7 Rc8 20. c3 Kc7
21. Nd2 Kd7 22. Rdf1 Bh6 23. Kf2 Ke6 24. Ke2 Bf4 25. exf4 Kxf7 26. fxe5+ Ke6
27. exd6 Kxd6 28. Rf3 Rhf8 29. Rxf8 Rxf8 30. Nf3 e5 31. h3 b5 32. axb5 axb5 33.
b4 Ra8 34. Nd2 Ke6 35. c4 bxc4 36. Nxc4 Ra4 37. Kf3 Rxb4 38. Ne3 Rb3 39. Kf2
Rc3 40. Ke2 Kd6 41. Ng4 h5 42. Nh2 Rc2+ 43. Kf3 Kc5 44. Nf1 Kd4 45. g4 Rc3+ 46.
Kg2 h4 0-1

[Event "11. Hogeschool Zeeland Tournament"]
[Site "Vlissingen NED"]
[Date "2007.08.11"]
[Round "9.36"]
[White "Zilverberg, Jasper"]
[Black "De Wolf, Johan"]
[Result "1/2-1/2"]
[PlyCount "22"]
[EventDate "2007.08.04"]
[EventType "swiss"]
[EventRounds "9"]
[EventCountry "NED"]
[Source "lmi"]
[SourceDate "2007.08.04"]
[WhiteElo "2022"]
[BlackElo "2162"]

1. c4 e5 2. g3 Nc6 3. Bg2 g6 4. Nc3 Bg7 5. d3 d6 6. e3 Nge7 7. Nge2 O-O 8. O-O
Be6 9. Nd5 Qd7 10. Rb1 Rae8 11. b4 Nc8 1/2-1/2

[Event "11. Hogeschool Zeeland Tournament"]
[Site "Vlissingen NED"]
[Date "2007.08.11"]
[Round "9.37"]
[White "Van Weersel, Arlette"]
[Black "Koes, Richard"]
[Result "1-0"]
[PlyCount "107"]
[EventDate "2007.08.04"]
[EventType "swiss"]
[EventRounds "9"]
[EventCountry "NED"]
[Source "lmi"]
[SourceDate "2007.08.04"]
[WhiteElo "2158"]
[BlackElo "2003"]

1. Nf3 Nf6 2. g3 c5 3. Bg2 Nc6 4. c4 g6 5. b3 Bg7 6. Bb2 O-O 7. O-O d5 8. cxd5
Nxd5 9. Bxg7 Kxg7 10. Qc2 b6 11. Nc3 Nf6 12. Qb2 Rb8 13. Ne4 Nd4 14. Nxd4 cxd4
15. Nxf6 exf6 16. Rfc1 Ba6 17. d3 Qe7 18. Qxd4 Qxe2 19. Rc6 Qe5 20. Qxe5 fxe5
21. Rc7 Rbc8 22. Rxa7 Bxd3 23. a4 Rc3 24. Bd5 Rc5 25. Rd7 Bf5 26. Rd6 Rfc8 27.
Bc4 R5c6 28. Rad1 h5 29. h4 R8c7 30. Kg2 e4 31. R1d4 Kf8 32. Kf1 Ke7 33. Rxc6
Rxc6 34. Ke2 f6 35. Kd2 Rd6 36. Kc3 Rxd4 37. Kxd4 Kd6 38. Bf7 Ke7 39. Bd5 Kd6
40. Bf7 Ke7 41. Bd5 Kd6 42. b4 Bd7 43. a5 bxa5 44. bxa5 Bc8 45. Bxe4 g5 46. Bf3
g4 47. Bd5 Kc7 48. Kc5 Ba6 49. Bf7 Be2 50. Bxh5 Kb7 51. Bf7 Bd3 52. Bd5+ Kc7
53. Bc4 Bg6 54. Kd5 1-0

[Event "11. Hogeschool Zeeland Tournament"]
[Site "Vlissingen NED"]
[Date "2007.08.11"]
[Round "9.38"]
[White "Cheng, Ngo Hin"]
[Black "Grochal, Joey"]
[Result "0-1"]
[PlyCount "106"]
[EventDate "2007.08.04"]
[EventType "swiss"]
[EventRounds "9"]
[EventCountry "NED"]
[Source "lmi"]
[SourceDate "2007.08.04"]
[WhiteElo "1992"]
[BlackElo "2152"]

1. e4 c5 2. Nf3 Nc6 3. c3 Nf6 4. e5 Nd5 5. d4 cxd4 6. cxd4 d6 7. Bc4 Nb6 8. Bb3
Bf5 9. O-O e6 10. Nc3 Be7 11. Bf4 dxe5 12. dxe5 Qxd1 13. Raxd1 a6 14. Nd4 Nxd4
15. Rxd4 Bc5 16. Rd2 Rd8 17. Rfd1 Rxd2 18. Rxd2 Ke7 19. Kf1 Rc8 20. Na4 Nxa4
21. Bxa4 b5 22. Bd1 h6 23. Ke2 a5 24. Be3 g5 25. g3 b4 26. Ba4 Bb1 27. Rd1 Bxe3
28. Rxb1 Bd4 29. f4 gxf4 30. gxf4 Rg8 31. Kf3 Bg1 32. h4 h5 33. Rd1 Rg4 34.
Rd7+ Kf8 35. Rd8+ Kg7 36. Ra8 Bh2 37. Rxa5 Bxf4 38. Rb5 Bc1 39. Bd1 Bxb2 40.
Kf2 Rxh4 41. Kg3 Re4 42. Bxh5 Rxe5 43. Rxb4 Rxh5 44. Rxb2 Ra5 45. Kf4 Kf6 46.
Ke4 Ra4+ 47. Kd3 e5 48. Kc3 e4 49. Kb3 Ra8 50. Rf2+ Ke6 51. a4 f5 52. Kb4 Ke5
53. a5 e3 0-1

[Event "11. Hogeschool Zeeland Tournament"]
[Site "Vlissingen NED"]
[Date "2007.08.11"]
[Round "9.41"]
[White "Arp, Frans"]
[Black "Bollaart, Jeroen"]
[Result "1-0"]
[PlyCount "61"]
[EventDate "2007.08.04"]
[EventType "swiss"]
[EventRounds "9"]
[EventCountry "NED"]
[Source "lmi"]
[SourceDate "2007.08.04"]
[WhiteElo "2123"]
[BlackElo "1959"]

1. e4 e6 2. Nf3 d5 3. Nc3 Nf6 4. e5 Ne4 5. d3 Nxc3 6. bxc3 b6 7. d4 Ba6 8. Bd3
Bxd3 9. cxd3 Be7 10. O-O O-O 11. h3 c5 12. dxc5 Bxc5 13. d4 Be7 14. Nh2 Bg5 15.
f4 Be7 16. f5 Bg5 17. f6 gxf6 18. Bxg5 fxg5 19. Rf6 Nd7 20. Ng4 Nxf6 21. Nxf6+
Kg7 22. Qh5 h6 23. Rf1 Qc7 24. Ng4 Rh8 25. Rf6 Kf8 26. Nxh6 Rxh6 27. Qxh6+ Ke7
28. Qxg5 Rf8 29. h4 Qd8 30. h5 Rg8 31. Rg6+ 1-0

[Event "11. Hogeschool Zeeland Tournament"]
[Site "Vlissingen NED"]
[Date "2007.08.11"]
[Round "9.42"]
[White "Kuijpers, Jos"]
[Black "In 't Veld, Rene"]
[Result "1-0"]
[PlyCount "65"]
[EventDate "2007.08.04"]
[EventType "swiss"]
[EventRounds "9"]
[EventCountry "NED"]
[Source "lmi"]
[SourceDate "2007.08.04"]
[WhiteElo "1927"]
[BlackElo "2116"]

1. b3 d5 2. Bb2 Bg4 3. Nf3 Nc6 4. e3 Qd6 5. Bb5 a6 6. Bxc6+ bxc6 7. Ba3 Qh6 8.
d4 Nf6 9. Nbd2 Ne4 10. c4 Nxd2 11. Qxd2 Bxf3 12. gxf3 Qh5 13. Ke2 e5 14. Bxf8
e4 15. Rag1 Qxf3+ 16. Ke1 Rxf8 17. Qa5 O-O-O 18. Qxa6+ Kd7 19. cxd5 cxd5 20.
Qe2 Ra8 21. Qb5+ c6 22. Qb7+ Kd6 23. Qb4+ Ke6 24. Qb7 Rfc8 25. h4 c5 26. dxc5
Rab8 27. Qa6+ Ke7 28. Qd6+ Ke8 29. Qe5+ Kf8 30. Qxg7+ Ke7 31. Qe5+ Kd7 32. Qd6+
Ke8 33. Rg8# 1-0

[Event "11. Hogeschool Zeeland Tournament"]
[Site "Vlissingen NED"]
[Date "2007.08.11"]
[Round "9.43"]
[White "Verlinde, Tieme"]
[Black "Goverde, Ruud"]
[Result "1-0"]
[PlyCount "99"]
[EventDate "2007.08.04"]
[EventType "swiss"]
[EventRounds "9"]
[EventCountry "NED"]
[Source "lmi"]
[SourceDate "2007.08.04"]
[WhiteElo "2116"]
[BlackElo "1951"]

1. e4 Nf6 2. e5 Nd5 3. c4 Nb6 4. d4 d6 5. exd6 exd6 6. Nc3 Be7 7. Be3 Nc6 8. b3
O-O 9. Nf3 Bf5 10. Bd3 Bg4 11. O-O d5 12. c5 Nc8 13. Be2 Bf6 14. h3 Bf5 15. Bd3
Be6 16. a3 a6 17. b4 N8e7 18. Qb3 Na7 19. a4 c6 20. Rad1 Nf5 21. Bf4 g5 22. Bh2
Nxd4 23. Nxd4 Bxd4 24. Bxh7+ Kxh7 25. Rxd4 Qf6 26. Rfd1 Rg8 27. Ne2 Rae8 28.
Qd3+ Bf5 29. Qf3 Rg6 30. R4d2 Be4 31. Qxf6 Rxf6 32. Nd4 Bg6 33. f3 Re3 34. Kf2
Ra3 35. Be5 Rf5 36. Nxf5 Bxf5 37. g4 Be6 38. Ra1 Rb3 39. Rb2 Rxb2+ 40. Bxb2 Nc8
41. Bf6 Kg6 42. Bd8 f6 43. Ke3 Kf7 44. Kd4 Ne7 45. Bxe7 Kxe7 46. b5 axb5 47.
axb5 Bd7 48. Ra7 Ke6 49. Rxb7 cxb5 50. Rb6+ 1-0

[Event "11. Hogeschool Zeeland Tournament"]
[Site "Vlissingen NED"]
[Date "2007.08.11"]
[Round "9.44"]
[White "Westerweele, Maarten"]
[Black "Bodicker, Rob"]
[Result "0-1"]
[PlyCount "48"]
[EventDate "2007.08.04"]
[EventType "swiss"]
[EventRounds "9"]
[EventCountry "NED"]
[Source "lmi"]
[SourceDate "2007.08.04"]
[WhiteElo "1940"]
[BlackElo "2095"]

1. e4 e6 2. d4 d5 3. c4 dxe4 4. Nc3 Nf6 5. f3 c5 6. d5 exf3 7. Nxf3 a6 8. Bd3
exd5 9. cxd5 Bd6 10. O-O O-O 11. Bg5 Nbd7 12. Qe1 h6 13. Qh4 hxg5 14. Nxg5 Re8
15. Nce4 Nf8 16. Nxf6+ gxf6 17. Nh7 Nxh7 18. Qxh7+ Kf8 19. Qh6+ Ke7 20. Qxf6+
Kd7 21. Qxf7+ Re7 22. Qg6 Kc7 23. b4 Qh8 24. h3 Bxh3 0-1